Chemical reaction engineering (Record no. 18666)

000 -LEADER
fixed length control field 00567nam a22001931 4500
001 - CONTROL NUMBER
control field 18666
003 - CONTROL NUMBER IDENTIFIER
control field BD-DhUET
008 - FIXED-LENGTH DATA ELEMENTS--GENERAL INFORMATION
fixed length control field 840403s1962 nyua b 000 0 eng c
040 ## - CATALOGING SOURCE
Original cataloging agency DLC/ICU
Transcribing agency DLC
Modifying agency BD-DhUET
082 0# - DEWEY DECIMAL CLASSIFICATION NUMBER
Classification number 660.299
Item number LEV/1964
100 ## - MAIN ENTRY--PERSONAL NAME
Personal name Levenspiel, Octave
245 10 - TITLE STATEMENT
Title Chemical reaction engineering
Remainder of title an introduction to the design of chemical reactors
250 ## - EDITION STATEMENT
Edition statement 1st ed.
260 ## - PUBLICATION, DISTRIBUTION, ETC. (IMPRINT)
Place of publication, distribution, etc. New York
Name of publisher, distributor, etc. John Wiley & Sons
Date of publication, distribution, etc. 1962
300 ## - PHYSICAL DESCRIPTION
Extent xv, 501 p.
Other physical details illus.
Dimensions 24 cm.
504 ## - BIBLIOGRAPHY, ETC. NOTE
Bibliography, etc Includes bibliographies
650 #0 - SUBJECT ADDED ENTRY--TOPICAL TERM
Topical term or geographic name as entry element Chemical engineering
942 ## - ADDED ENTRY ELEMENTS (KOHA)
Koha item type General Book
Holdings
Koha date last borrowed Price effective from Koha normalized classification for sorting Not for loan Lost status Koha date last seen Sublocation or collection (holding branch) Source of classification or shelving scheme Koha issues (times borrowed) Piece designation (barcode) Withdrawn status Date acquired Koha full call number Damaged status Shelving location Koha item type Location (home branch) Copy number
 2015-03-31660_299000000000000_LEV_1967  2015-03-31Central Library, BUET  17501 2015-03-31660.299/LEV/1967 Circulation sectionGeneral BookCentral Library, BUET1
 2015-03-31660_299000000000000_LEV_1967  2015-03-31Central Library, BUET  17821 2015-03-31660.299/LEV/1967 Circulation sectionGeneral BookCentral Library, BUET2
 2015-03-31660_299000000000000_LEV_1967  2015-03-31Central Library, BUET  17822 2015-03-31660.299/LEV/1967 Circulation sectionGeneral BookCentral Library, BUET3
 2015-03-31660_299000000000000_LEV_1967  2015-03-31Central Library, BUET  4402 2015-03-31660.299/LEV/1967 Circulation sectionGeneral BookCentral Library, BUET4
 2015-03-31660_299000000000000_LEV_1967  2015-03-31Central Library, BUET  20932 2015-03-31660.299/LEV/1967 Circulation sectionGeneral BookCentral Library, BUET5
2023-12-052015-04-01660_299000000000000_LEV_1964  2023-12-18Central Library, BUET 117502 2015-04-01660.299/LEV/1964 Circulation sectionGeneral BookCentral Library, BUET6
2019-05-052015-04-01660_299000000000000_LEV_1964  2020-01-25Central Library, BUET 112542 2015-04-01660.299/LEV/1964 Circulation sectionGeneral BookCentral Library, BUET7
 2015-06-18660_299000000000000_LEV_1964  2015-06-18Central Library, BUET  36300 2015-06-18660.299/LEV/1964 Reading sectionReading ItemCentral Library, BUET8